000 00372nam a2200145Ia 4500
003 GCL
008 140319s9999 xx 000 0 eng d
040 _aGCL /
_cGCL
082 0 4 _a863.01
_bG C
100 1 _aGALDOS, BENITO PEREZ
245 1 0 _aCANAVAS /
_cGALDOS, BENITO PEREZ
260 _a[S.N] :
_bEL LIBRO DE BOLSILLO
650 0 4 _aSPANISH LITERATURE
942 _2ddc
_cBK
999 _c10595
_d10595